000
00212nam a2200097Ia 4500
008
230605s9999 xx 000 0 und d
041
_a
eng
100
_a
Foll
245
_a
Modern french classic
650
_a
French
999
_c
417303
_d
417303